000 00658nam a2200193Ia 4500
003 GCL
008 140319s9999 xx 000 0 ara d
040 _aGCL /
_cGCL
082 0 4 _a001.5
_bم م
100 1 _aنجيب الحصادى
245 1 0 _aمقدمة فى علم الاعلام والاتصال بالناس : مفهومها - نظرياته - تاريخه - نماذجه - اساليبه - وسائله /
_cنجيب الحصادى
700 1 _aمحمود عبدالرؤف كامل
300 _a285 ص
490 _a
650 0 4 _aالاتصال
650 0 4 _aوسائل الاعلام
650 0 4 _aالاعلام, علم
942 _2ddc
_cBK
999 _c46410
_d46410